000 013700000a22003610004500
003 EG-GICUC
005 20250223030751.0
008 070113s2004 ua a f m 000 0 eng d
040 _aEG-GICUC
_beng
_cEG-GICUC
041 0 _aEng
049 _aDeposite
097 _aM.Sc
099 _aCai01.13.04.M.Sc.2004.As.D
100 0 _aAshraf Mukhtar Lotfi
245 1 0 _aDevelopment of light weight bipolar plate system for polymer electrolyte membrane fuel cells /
_cAshraf Mukhtar Lotfi ; Supervised Omar Elfarouk Abdelsalam , Hammam Elabd
246 1 5 _aتطوير نظام شرائح ثنائية القطبيه خفيفة الوزن لخلايا الوقود ذات الاغشية المبلمرة
260 _aCairo :
_bAshraf Mukhtar Lotfi ,
_c2004
300 _a132P :
_bill ;
_c30cm
502 _aThesis (M.Sc.) - Cairo University - Faculty Of Engineering - Department Of Chemical Engineering
530 _aIssued also as CD
653 4 _aBipolar plate system
653 4 _aChemical Engineering
653 4 _aDevelopment
653 4 _aLight weight
653 4 _aMembrane fuel cells
653 4 _aPolymer electrolyte
700 0 _aHammam Elabd ,
_eSupervisor
700 0 _aOmar Elfarouk Abdelsalam ,
_eSupervisor
856 _uhttp://172.23.153.220/th.pdf
905 _aEnas
_ecataloger
905 _aMustafa
_eRevisor
942 _2ddc
_cTH
999 _c41489
_d41489